1805 1619 1002 1731 1316 1502 1359 1824 1232 1939 1898 1977 1998 1353 1317 1141 1257 1518 1609 1982 1605 1804 1717 1495 1126 1360 1757 1230 1470 1722 1707 1910 1623 1224 1676 1156 1689 1244 1587 1354 1172 1737 1050 1683 1551 1308 1267 1222 1645 1122 1652 1601 1238 1746 1585 1538 1815 1686 1241 1386 1773 1050 1911 1931 1719 1876 1331 1712 1322 1395 1557 1664 1207 1236 1719 1240 1316 1533 1563 1782 1516 1653 1134 1417 1822 1364 1746 1750 1379 1402 1609 1589 1934 1151 1585 1779 1590 1950 1796 BCNSPRNW ULIB Ver.6.0+V

เปลี่ยนเป็นภาษาไทย

Change to English
 แสดงรายละเอียดบรรณานุกรม
  กลับหน้าหลัก

Brief Record : Get Marc (ISO 2709) : E-mail record : QR code < ปิดหน้าต่าง
LEADER : 00000nam 2200000uu 4500
001    13399108166
003     ULIB
008    110215s2541||||th 000 0 tha d
020    9789742911517(ล.1)
060 04 WY150^bค127ก ล.1 2541
245 00 การพยาบาลผู้ใหญ่และผู้สูงอายุ เล่ม 1 /^cคณาจารย์เรียบเรียง : แสงจันทร์ ทองมาก ... [ และคนอื่นๆ]
250    พิมพ์ครั้งที่ 2
260    นนทบุรี :^bโครงการสวัสดิการวิชาการ สถาบันพระบรมราชชนกกระทรวงสาธารณสุข,^c2541
300    714 หน้า :^bภาพประกอบ ;^c26 ซม.
650  7 การพยาบาล^xในวัยชรา
650  7 การพยาบาล^xในวัยผู้ใหญ่
650  7 การพยาบาลผู้สูงอายุ
650  7 ผู้สูงอายุ^xการดูแล
700 0  แสงจันทร์ ทองมาก
710 2  สถาบันพระบรมราชชนก. ^bโครงการสวัสดิการวิชาการ
945    ^p250^l0^i009877
945    ^p250^l0^i009609
945    ^p250^l0^i009608
945    ^p250^l0^i009606
945    ^p250^l0^i009604
945    ^p250^l0^i009603
945    ^p250^l0^i009602
945    ^p250^l0^i009600
945    ^p250^l0^i009599
945    ^p250^l0^i009598
945    ^p250^l0^i009607
945    ^p250^l0^i009605
945    ^p250^l0^i009601
995    ทศพร
999 ^a ใช้งานได้ทุกระบบ
รายการนี้ยังไม่มีแท็ก
คุณยังไม่ได้ล็อกอิน คุณสามารถมีกิจกรรมร่วมกับเว็บไซต์ได้ แต่ต้องล็อกอินก่อน ::
  ล็อกอิน

รายการสื่อสารสนเทศ

ลำดับที่ ประเภท เลขเรียก/บาร์โค้ด สถานที่ สถานะ
- ไม่พบข้อมูล -

รายการใกล้เคียง
    หัวเรื่อง [การพยาบาลผู้สูงอายุ]
    หัวเรื่อง [ผู้สูงอายุ การดูแล]

BibComment


ยังไม่เคยถูกคอมเมนท์

คอมเมนท์ทรัพยากรรายการนี้
  คอมเมนท์: การพยาบาลผู้ใหญ่แ..


 Copyright 2026. Bcnsprnw @Library